LEADER 03477nam 22006615 450 001 9910787987903321 005 20230226050926.0 010 $a1-4426-6917-9 010 $a1-4426-6916-0 024 7 $a10.3138/9781442669161 035 $a(CKB)2670000000545814 035 $a(EBL)4669938 035 $a(SSID)ssj0001130230 035 $a(PQKBManifestationID)12483365 035 $a(PQKBTitleCode)TC0001130230 035 $a(PQKBWorkID)11109200 035 $a(PQKB)11456206 035 $a(CEL)447192 035 $a(OCoLC)872600892 035 $a(CaBNVSL)slc00234067 035 $a(MiAaPQ)EBC3291086 035 $a(MiAaPQ)EBC4669938 035 $a(DE-B1597)497008 035 $a(OCoLC)1046605401 035 $a(DE-B1597)9781442669161 035 $a(OCoLC)870181221 035 $a(MdBmJHUP)musev2_106529 035 $a(EXLCZ)992670000000545814 100 $a20180725d2018 fg 101 0 $aeng 135 $aur|n|---||||| 181 $ctxt 182 $cc 183 $acr 200 10$aDigital Currents $eHow Technology and the Public are Shaping TV News /$fRena Bivens 210 1$aToronto : $cUniversity of Toronto Press, $d[2018] 210 4$dİ2014 215 $a1 online resource (330 p.) 311 $a1-4426-4777-9 311 $a1-4426-1586-9 320 $aIncludes bibliographical references and index. 327 $a""Cover""; ""Copyright""; ""Contents""; ""Acknowledgments""; ""1a???Digital Media, Cultural Shifts, and Television News Production""; ""2a???Constraining News Production: The View from the Twentieth Century""; ""3a???The Technology-Autonomy-Constraint Model""; ""4a???Intake Phase: Information Producers and News Flow""; ""5a???Selection and Assignment Phase""; ""6a???News-Gathering, Story-Writing, and Transmission Phases""; ""7a???External Pressures: Audiences, Governments, and Public Relations""; ""8a???Making News: Power, Journalists, and the Public""; ""Notes""; ""Bibliography""; ""Index"" 330 8 $aAnnotation$bSocial media has irrevocably changed how people consume the news. With the distinction between professional and citizen journalists blurring like never before, Digital Currents illuminates the behind-the-scenes efforts of television newscasters to embrace the public's participation in news and information gathering and protect the integrity of professional journalism. Using interviews with more than one hundred journalists from eight networks in Canada and the United Kingdom, Rena Bivens takes the reader inside TV newsrooms to explore how news organisations are responding to the paradigmatic shifts in media and communication practices. The first book to examine the many ways that the public has entered the production of mainstream news, Digital Currents underscores the central importance of media literacy in the age of widespread news sources. 606 $aTelevision broadcasting of news 606 $aBroadcast journalism$xSocial aspects 606 $aBroadcast journalism$xTechnological innovations 608 $aElectronic books. 615 0$aTelevision broadcasting of news. 615 0$aBroadcast journalism$xSocial aspects. 615 0$aBroadcast journalism$xTechnological innovations. 676 $a070.4/30285 700 $aBivens$b Rena, $01550064 801 0$bDE-B1597 801 1$bDE-B1597 906 $aBOOK 912 $a9910787987903321 996 $aDigital Currents$93808624 997 $aUNINA LEADER 01932nam 2200445z- 450 001 9910557581203321 005 20211118 035 $a(CKB)5400000000043836 035 $a(oapen)https://directory.doabooks.org/handle/20.500.12854/73975 035 $a(oapen)doab73975 035 $a(EXLCZ)995400000000043836 100 $a20202111d2020 |y 0 101 0 $aeng 135 $aurmn|---annan 181 $ctxt$2rdacontent 182 $cc$2rdamedia 183 $acr$2rdacarrier 200 00$aUntangling the Role of Tau in Physiology and Pathology 210 $cFrontiers Media SA$d2020 215 $a1 online resource (254 p.) 311 08$a2-88963-835-9 330 $aThis eBook is a collection of articles from a Frontiers Research Topic. Frontiers Research Topics are very popular trademarks of the Frontiers Journals Series: they are collections of at least ten articles, all centered on a particular subject. With their unique mix of varied contributions from Original Research to Review Articles, Frontiers Research Topics unify the most influential researchers, the latest key findings and historical advances in a hot research area! Find out more on how to host your own Frontiers Research Topic or contribute to one as an author by contacting the Frontiers Editorial Office: frontiersin.org/about/contact 606 $aNeurosciences$2bicssc 606 $aScience: general issues$2bicssc 610 $aAlzheimer 610 $adementia 610 $amicrotubules 610 $aneurodegeneration 610 $atau 610 $atauopathies 615 7$aNeurosciences 615 7$aScience: general issues 700 $aAvila$b Jesus$4edt$01143092 702 $aMedina$b Miguel$4edt 702 $aAvila$b Jesus$4oth 702 $aMedina$b Miguel$4oth 906 $aBOOK 912 $a9910557581203321 996 $aUntangling the Role of Tau in Physiology and Pathology$93032063 997 $aUNINA